[Event "Lindores Abbey Rapid Challenge-KO"]
[Site "Online"]
[Date "2020.05.24"]
[Round "1.1"]
[White "Carlsen, Magnus"]
[Black "So, Wesley"]
[Result "1/2-1/2"]
[WhiteElo "2881"]
[BlackElo "2741"]
[Annotator "TA"]
[PlyCount "35"]
[EventDate "2020.05.19"]
[EventType "tourn"]
[SourceTitle "playchess.com"]
[Source "ChessBase"]
[SourceQuality "1"]

{[%evp 23,35,26,31,16,11,0,29,0,0,0,18,0,0,0]} 1. e4 c6 2. d4 d5 3. exd5 cxd5 4. Bd3 Nc6 5. c3 Nf6 6. Bf4 Bg4 7. Qb3 Qc8 8. Nd2 e6 9. Ngf3 Be7 10. O-O Bh5 11. Rae1 Bg6 12. Bxg6 hxg6 13. h4 $5 {[%mdl 4] An interesting side line. B13: Caro-Kann: Exchange Variation and Panov-Botvinnik Attack.} a6 14. a4 Nh5 15. Bh2 Nf6 {The position is equal.} 16. Bf4 Nh5 {[#]} 17. Bh2 $146 ({Predecessor:} 17. Bg5 Bxg5 18. hxg5 Qc7 19. Qxd5 Nf4 20. Qe4 O-O-O 21. g3 Nh3+ 22. Kg2 Rh5 23. Qg4 Rdh8 24. Ne4 Ne7 {0-1 (40) Carlsen,M (2832)-So,W (2815) chess.com INT 2017}) 17... Nf6 18. Bf4 {A rather calm draw.} 1/2-1/2

[Event "Lindores Abbey Rapid Challenge-KO"]
[Site "Online"]
[Date "2020.05.24"]
[Round "1.1"]
[White "Carlsen, Magnus"]
[Black "So, Wesley"]
[Result "1-0"]
[WhiteElo "2881"]
[BlackElo "2741"]
[Annotator "TA"]
[PlyCount "36"]
[EventDate "2020.05.19"]
[EventType "tourn"]
[SourceTitle "playchess.com"]
[Source "ChessBase"]
[SourceQuality "1"]

{[%evp 10,23,29,13,24,17,9,7,7,2,0,0,0,0,0,0]} 1. d4 Nf6 2. c4 e6 3. Nc3 Bb4 4. Nf3 O-O (4... c5 5. g3 cxd4 6. Nxd4 O-O 7. Bg2 d5 8. cxd5 Nxd5 9. Qb3 Qa5 10. O-O Nxc3 11. a3 Be7 12. Qxc3 Qxc3 13. bxc3 e5 14. Nb5 Nc6 15. Nc7 Rb8 16. Be3 Bg4 17. Nd5 Bd6 18. Rfe1 Rfc8 {½-½ (36) Carlsen,M (2870)-So,W (2760) Kolkata 2019}) 5. Bg5 c5 6. Rc1 cxd4 {E21: Nimzo-Indian: 4 Nf3.} 7. Nxd4 h6 {The position is equal.} 8. Bh4 d5 {8...d5 is better than 8...Nc6.} 9. cxd5 g5 {[#] Hoping for ...e5.} 10. Bg3 Qxd5 11. e3 Qxa2 12. Qc2 {[%mdl 32768] [#] Not much happened in this game. Loss on time!?} {Predecessor:} Nd5 $146 13. h4 Nxc3 14. bxc3 Qxc2 15. Rxc2 Be7 16. hxg5 hxg5 17. f4 Nc6 18. fxg5 Bxg5 {½-½ (42) Carlsen,M (2882)-Ding,L (2805) Saint Louis 2019} 1-0

[Event "Lindores Abbey Rapid Challenge-KO"]
[Site "Online"]
[Date "2020.05.27"]
[Round "1.1"]
[White "Ding, Liren"]
[Black "Yu, Yangyi"]
[Result "0-1"]
[WhiteElo "2836"]
[BlackElo "2738"]
[Annotator "TA"]
[PlyCount "62"]
[EventDate "2020.05.19"]
[EventType "tourn"]
[SourceTitle "playchess.com"]
[Source "ChessBase"]
[SourceQuality "1"]

{[%evp 15,62,19,41,25,57,26,47,35,51,0,0,-7,0,0,37,43,27,-16,24,0,52,0,26,-35,-42,-55,-58,-96,-52,-42,-29,-155,-155,-198,-192,-194,-85,-841,-829,-818,-718,-695,-709,-697,-687,-845,-835,-1217,-714]} 1. d4 d5 2. c4 dxc4 3. Nf3 Nf6 4. e3 Bg4 5. Bxc4 e6 6. h3 Bh5 7. Nc3 Nbd7 8. O-O Be7 9. e4 {D25: Queen's Gambit Accepted: 4 e3: sidelines and 4...Bg4.} O-O 10. g4 Bg6 11. Qe2 {White is slightly better.} c6 12. a4 {[#]} (12. Bd3 $14) 12... Bb4 $146 ({Predecessor:} 12... Qc7 13. Bg5 h6 14. Bh4 Rfe8 15. Bg3 Qd8 16. Rad1 Qa5 17. Ne5 Bh7 18. f4 Rf8 {1-0 (27) Sasata,R-Katz,S California 1993}) 13. g5 Ne8 14. Nh4 Nb6 {[%cal Bd7b6,Bb6c8,Bc8e7,Be7g6][%mdl 32]} 15. Bb3 Qxd4 16. a5 {Hoping for Rd1.} Nc8 17. Ra4 Qd6 (17... Qc5 $11) 18. f4 {[%mdl 1024] White wants to play Kg2. White has compensation.} b5 $1 {[%cal Rb5a4]} 19. Ra1 (19. axb6 $1 $11 Nxb6 20. Ra1) 19... Ne7 $36 {[%mdl 2048] Black has good play.} 20. Kg2 {And now f5 would win.} Qd7 $1 21. Rd1 Qc8 22. Be3 Nd6 23. Nxg6 (23. Na2 $11 {remains equal.} Bxe4+ 24. Kg1) 23... Nxg6 $17 24. Na2 {[#]} Bc5 $1 {[%mdl 512]} 25. Rac1 (25. Bxc5 Nxf4+) 25... Nxe4 (25... Bxe3 $19 26. Qxe3 Nb7) 26. Kf3 $2 {[%mdl 8192] This costs White the game.} (26. Qd3 $17 Bxe3 27. Qxe3) 26... e5 $19 {( -> ...Nh4+). Black is clearly winning.} 27. Bxc5 Nxc5 28. Rxc5 Qxh3+ 29. Kf2 Qxb3 30. Nc3 Nxf4 31. Qxe5 {[#]} Qxd1 $1 {[%mdl 512] Accuracy: White = 50%, Black = 64%.} 0-1

[Event "Lindores Abbey Rapid Challenge-KO"]
[Site "Online"]
[Date "2020.05.23"]
[Round "1.1"]
[White "Ding, Liren"]
[Black "Yu, Yangyi"]
[Result "1/2-1/2"]
[WhiteElo "2836"]
[BlackElo "2738"]
[Annotator "TA"]
[PlyCount "87"]
[EventDate "2020.05.19"]
[EventType "tourn"]
[SourceTitle "playchess.com"]
[Source "ChessBase"]
[SourceQuality "1"]

{[%evp 10,87,22,31,33,10,20,12,11,8,7,0,14,0,0,0,0,-11,18,18,16,0,0,0,0,-7,20,16,17,24,19,30,12,0,0,1,2,2,2,1,6,6,4,0,0,0,0,0,0,0,0,0,0,0,0,0,0,0,0,0,0,0,0,0,0,0,0,0,0,0,0,0,0,0,0,0,0,0,0,0]} 1. c4 e5 2. g3 Nf6 3. Bg2 Nc6 4. Nc3 Bc5 5. e3 d5 6. cxd5 Nb4 {A25: English Opening vs King's Indian with ...Nc6 but without early d3.} 7. d3 (7. d4 {is more complex.} exd4 8. exd4 Be7 9. Nge2 O-O 10. O-O) 7... Nfxd5 8. Nxd5 Nxd5 9. Nf3 Qe7 10. O-O O-O 11. b3 c6 12. Bb2 {[#]} Bd6 $146 ({Predecessor:} 12... Bg4 13. h3 Bxf3 14. Qxf3 f5 15. a3 a5 16. Rfd1 Bd6 17. Qh5 Rf7 18. e4 Nf6 {½-½ (42) Zwicker,T (2187)-Gericke,R (2130) GER email 2007}) 13. Nd2 Ba3 14. Bxa3 Qxa3 15. Nc4 Qe7 16. Qd2 Rd8 17. Qb2 Nb4 18. Qxe5 Qxe5 19. Nxe5 Nxd3 20. Rfd1 Bf5 21. Nxd3 {The position is equal.} Bxd3 22. Rd2 Bf5 23. Rad1 Rxd2 24. Rxd2 $11 {[%mdl 4096] Endgame KRB-KRB} a5 25. e4 Be6 26. f4 {[#] Black must now prevent f5.} g6 27. Bf1 b5 28. Rc2 a4 29. Rxc6 axb3 30. axb3 Ra1 {[#] Strongly threatening ...Bh3.} 31. Kf2 Ra2+ 32. Ke3 Rxh2 33. Bxb5 Bxb3 34. Bc4 (34. Rb6 {keeps more tension.} Be6 35. Bd3 Rg2 36. Kf3 Rd2 37. Bb1) 34... Bxc4 35. Rxc4 {KR-KR} h5 36. Kf3 Ra2 37. e5 Ra3+ 38. Kg2 Ra2+ 39. Kf3 Ra3+ 40. Kg2 Ra2+ 41. Kh3 Re2 42. Rc7 Kg7 43. Rb7 Re1 44. Rc7 {An uneventful encounter. Accuracy: White = 100%, Black = 93%.} 1/2-1/2

[Event "Lindores Abbey Rapid Challenge-KO"]
[Site "Online"]
[Date "2020.05.25"]
[Round "1.1"]
[White "Ding, Liren"]
[Black "Yu, Yangyi"]
[Result "1/2-1/2"]
[WhiteElo "2836"]
[BlackElo "2738"]
[Annotator "TA"]
[PlyCount "82"]
[EventDate "2020.05.19"]
[EventType "tourn"]
[SourceTitle "playchess.com"]
[Source "ChessBase"]
[SourceQuality "1"]

{[%evp 12,82,32,15,35,31,36,16,14,17,20,11,20,19,15,12,6,10,52,41,52,58,45,21,25,0,11,12,12,16,65,0,0,0,7,0,0,0,0,0,0,0,0,0,26,26,23,20,22,22,22,20,40,5,8,0,13,4,12,13,26,30,30,30,30,8,8,8,8,8,8,8,8]} 1. d4 d5 2. c4 dxc4 3. Nf3 Nf6 4. e3 e6 5. Bxc4 c5 6. O-O a6 7. Nbd2 Nc6 {[%cal Rc5d4] is the legacy move (7...Nbd7). D27: Queen's Gambit Accepted: Classical main line: 7 e4!? and 7 a4.} 8. dxc5 Bxc5 9. a3 b5 10. Be2 Bb7 11. b4 Be7 12. Bb2 O-O {[#]} 13. Nb3 $146 ({Predecessor:} 13. Rc1 Rc8 14. Nb3 Qb6 15. Nc5 Rfd8 16. Qc2 Nd5 17. Nxb7 Qxb7 18. Qb1 {1-0 (53) Thorn,E (2284)-Westerberg,J (2475) Stockholm 2017}) 13... a5 14. Nc5 Bxc5 15. bxc5 Qxd1 16. Rfxd1 b4 17. axb4 axb4 18. Nd2 Na5 19. Ra4 Nd5 20. Rda1 Nc3 21. Bxc3 ({White should play} 21. Rxb4 $14 Nxe2+ 22. Kf1) 21... bxc3 $11 22. Rxa5 cxd2 23. f3 Rxa5 24. Rxa5 {[%mdl 4096] Endgame KRB-KRB} Bd5 25. Bd1 f5 26. Kf2 Rd8 27. Ra4 Rb8 28. Ke2 Rb5 29. e4 fxe4 30. fxe4 Bc6 31. Rc4 {And now Ba4 would win.} Rb2 32. Rc2 (32. Ba4 {with more complications.} Bxa4 33. Rxa4 Kf7 34. Kd1 Rb5 35. c6) 32... Rb4 33. Kxd2 Bxe4 34. Rc3 {Threatening c6.} Bxg2 35. c6 {Strongly threatening c7.} Bxc6 36. Rxc6 {KRB-KR} Rh4 37. Rxe6 {Black must now prevent Bb3.} Rxh2+ 38. Re2 Rxe2+ {The position is equal.} 39. Bxe2 g6 40. Ke3 Kg7 41. Kf4 Kf6 {Accuracy: White = 88%, Black = 88%.} 1/2-1/2

[Event "Lindores Abbey Rapid Challenge-KO"]
[Site "Online"]
[Date "2020.05.25"]
[Round "1.1"]
[White "Ding, Liren"]
[Black "Yu, Yangyi"]
[Result "1-0"]
[WhiteElo "2836"]
[BlackElo "2738"]
[Annotator "TA"]
[PlyCount "73"]
[EventDate "2020.05.19"]
[EventType "tourn"]
[SourceTitle "playchess.com"]
[Source "ChessBase"]
[SourceQuality "1"]

{[%evp 11,73,25,30,13,36,44,57,53,64,64,64,69,78,77,86,88,82,65,67,41,130,123,125,86,140,129,150,136,185,200,260,253,250,256,445,436,595,597,592,577,602,595,600,601,710,696,749,633,708,636,923,889,872,880,2102,1009,1400,1345,29988,29989,29992,29992,29996,29997]} 1. d4 d5 2. c4 dxc4 3. Nf3 Nf6 4. e3 e6 5. Bxc4 c5 6. O-O a6 7. Be2 {D27: Queen's Gambit Accepted: Classical main line: 7 e4!? and 7 a4.} Be7 8. dxc5 {[#]} O-O $146 ({Predecessor:} 8... Qxd1 9. Rxd1 Bxc5 10. b3 Ke7 11. Ba3 Bxa3 12. Nxa3 Nbd7 13. Nc4 Nd5 14. Rac1 N7f6 {1-0 (55) Daghan,D (2058)-Ergin,S (1794) Kesan 2018}) 9. b4 {[%cal Bb2b4,Bb4b5][%mdl 32] White is slightly better.} a5 10. b5 Bxc5 11. Nc3 Qxd1 12. Rxd1 a4 13. Ne5 Nbd7 14. Nd3 Be7 $1 15. e4 a3 {[#]} (15... Nc5 $14) 16. Be3 $1 $16 e5 17. f3 h6 (17... b6 $142) 18. Rab1 Rd8 19. Nb4 Kf8 20. Kf2 Ra5 21. Nbd5 Nxd5 22. Nxd5 Ra4 $2 (22... Nf6 {was called for.} 23. Bb6 Ra8 24. Bxd8 Bxd8) 23. Rbc1 $18 Ra8 24. Nxe7 Kxe7 25. Rc7 Ke8 26. Bc4 Ra4 27. Bb3 Ra8 28. b6 Ra6 29. h4 Ra5 30. g4 Kf8 31. g5 hxg5 32. hxg5 g6 {[#]} 33. Rdc1 (33. Bc5+ $142 $1 {[%mdl 512]} Rxc5 34. Rxc5 {[%mdl 64] Pin}) 33... Ra8 34. Bc5+ Kg7 35. Be7 {White mates.} Re8 {[#]} 36. Rxd7 $1 {[%mdl 576] Back Rank} Bxd7 37. Bf6+ {Accuracy: White = 90%, Black = 41%.} 1-0

[Event "Lindores Abbey Rapid Challenge-KO"]
[Site "Online"]
[Date "2020.05.25"]
[Round "1.1"]
[White "Nakamura, Hikaru"]
[Black "Aronian, Levon"]
[Result "1-0"]
[WhiteElo "2829"]
[BlackElo "2778"]
[Annotator "TA"]
[PlyCount "77"]
[EventDate "2020.05.19"]
[EventType "tourn"]
[SourceTitle "playchess.com"]
[Source "ChessBase"]
[SourceQuality "1"]

{[%evp 21,77,16,10,17,14,10,24,17,29,19,28,27,31,39,33,30,31,16,10,0,20,-13,10,0,0,0,29,0,0,0,0,0,2,8,31,0,45,44,83,69,152,145,480,478,485,436,445,445,570,433,970,988,995,977,913,890,862,849]} 1. e4 e5 2. Nf3 Nf6 3. Nxe5 d6 4. Nf3 Nxe4 5. d4 d5 6. Bd3 Bd6 7. O-O O-O 8. c4 c6 9. Nc3 Nxc3 10. bxc3 dxc4 11. Bxc4 Bf5 12. Bg5 {C42: Petroff Defence: 3 Nxe5 and unusual White 3rd moves.} Qa5 13. Re1 $5 {[%mdl 4] Black should prevent Be7. Exploring less charted territory.} Nd7 14. Nh4 {White has an edge.} Nb6 15. Bb3 Rae8 16. Nxf5 {[#]} Rxe1+ $146 ({Predecessor:} 16... Qxf5 17. Qd2 Nd5 18. Bc2 Qg4 19. Be3 Qh5 20. g3 {½-½ (20) Zugrav,W-Mader,A Poland 1991}) 17. Qxe1 Qxf5 18. Bd2 Nd5 19. Qe2 Nf6 20. Re1 h6 21. f3 (21. a4 {looks sharper.} h5 22. Bc4 Re8 23. Qd1 Rxe1+ 24. Bxe1 Kf8 25. h4) 21... Re8 22. Qd1 Rxe1+ 23. Bxe1 Nd5 24. g3 b5 25. Qe2 {With the idea Qe8+.} Qd7 26. a4 {Strongly threatening axb5.} a6 27. c4 {[%cal Bc3c4,Bc4c5][%mdl 32]} Nc7 28. Kg2 Ne6 29. Bf2 Qe7 {...Nf4+! is the strong threat.} 30. Qe4 $36 {[%mdl 2048] Hoping for c5. White has some pressure.} bxa4 {[#]} ({Black should try} 30... Qd7 $14) 31. Bc2 $1 $16 {White wants to mate with Qh7+.} Qg5 $2 {[%mdl 8192] [#] This costs Black the game.} (31... Qd7 $16 {is more resistant.}) 32. c5 $1 $18 {White is clearly winning.} Bc7 33. Bxa4 h5 34. h4 Qd2 35. Bb3 Nd8 (35... Qh6 $142 36. Be3 Qf6) 36. Qe8+ Kh7 37. Bxf7 Nxf7 38. Qxf7 {[%mdl 64] Double Attack} Ba5 39. Qf5+ {Accuracy: White = 83%, Black = 58%.} 1-0

[Event "Lindores Abbey Rapid Challenge-KO"]
[Site "Online"]
[Date "2020.05.23"]
[Round "1.1"]
[White "Nakamura, Hikaru"]
[Black "Aronian, Levon"]
[Result "1-0"]
[WhiteElo "2829"]
[BlackElo "2778"]
[Annotator "TA"]
[PlyCount "93"]
[EventDate "2020.05.19"]
[EventType "tourn"]
[SourceTitle "playchess.com"]
[Source "ChessBase"]
[SourceQuality "1"]

{[%evp 13,93,9,16,0,11,15,0,0,16,23,25,-21,32,23,52,48,45,41,71,88,88,69,71,39,60,51,81,42,89,12,36,46,39,14,28,9,23,14,27,31,20,31,151,155,143,133,182,189,201,198,309,289,300,307,475,476,543,530,518,500,579,568,521,551,477,477,621,545,579,579,1675,1628,1745,1660,5643,4617,29980,29981,29981,29982,29976,29977]} 1. e4 e5 2. Nf3 Nf6 3. Nxe5 d6 4. Nf3 Nxe4 5. Nc3 Nxc3 6. dxc3 Be7 7. Be3 O-O 8. Qd2 {C42: Petroff Defence: 3 Nxe5 and unusual White 3rd moves.} Nd7 9. O-O-O c6 {9...Nf6 gains popularity.} 10. h4 {The position is equal.} Re8 11. Bd3 Nf6 12. h5 {[#]} Bg4 $146 (12... h6 $11) ({Predecessor:} 12... Nd5 13. Bg5 Bg4 14. Rdg1 h6 15. Bxh6 gxh6 16. Qxh6 f5 17. Qg6+ Kh8 18. Qh6+ Kg8 19. Qg6+ Kh8 20. Qh6+ {½-½ (20) Moll,A (2180)-Hopman,P (2304) Amsterdam 2006}) 13. Rde1 $14 Qd7 14. h6 g6 15. Nd4 a6 16. f3 Be6 17. Nxe6 fxe6 18. Kb1 b5 19. g4 e5 20. c4 Qe6 21. Qe2 ({Better is} 21. g5 $16) 21... Rab8 22. g5 Nd7 23. Ka1 bxc4 24. Bxc4 {[%mdl 64] Double Attack} d5 25. Bb3 Nc5 26. Bxc5 Bxc5 27. Qxa6 Bf2 {White leaves nothing to chance now.} (27... Rf8 $14) 28. Re2 $16 Bg3 {[#]} 29. c4 $1 {[%cal Rc4d5] cxd5 is the strong threat.} ({Don't play} 29. Qa7 $6 Qe7 $11) 29... d4 {[#]} 30. c5 $1 {Intending Qa7 and mate.} Rxb3 31. axb3 $40 {[%mdl 128] White attacks with force.} Qxb3 (31... Rd8 $142 32. b4 Qe8) 32. Qxc6 $18 {[%cal Rc6e8]} Rb8 33. Kb1 Qf7 (33... Bf4 $142 34. Qc7 Qb7) 34. Qf6 Qxf6 35. gxf6 {[%mdl 4096] Endgame KRR-KRB} Kf7 36. c6 Kxf6 37. c7 Rc8 38. Rc1 Ke7 39. Rc4 Kd7 40. Rec2 g5 41. b4 {[%cal Bb2b4,Bb4b5][%mdl 32]} g4 42. fxg4 Be1 43. Re2 Bg3 44. b5 Rxc7 45. Rxc7+ {White mates.} Kxc7 46. g5 d3 47. Re4 {Accuracy: White = 88%, Black = 46%.} 1-0

[Event "Lindores Abbey Rapid Challenge-KO"]
[Site "Online"]
[Date "2020.05.25"]
[Round "1.1"]
[White "Nakamura, Hikaru"]
[Black "Aronian, Levon"]
[Result "1/2-1/2"]
[WhiteElo "2829"]
[BlackElo "2778"]
[Annotator "TA"]
[PlyCount "86"]
[EventDate "2020.05.19"]
[EventType "tourn"]
[SourceTitle "playchess.com"]
[Source "ChessBase"]
[SourceQuality "1"]

{[%evp 21,86,20,25,13,20,13,13,12,18,13,26,26,20,15,28,17,27,8,6,2,4,0,1,0,0,0,0,-7,0,-4,-10,-16,-26,-19,-10,-37,-16,-21,0,0,0,0,0,0,0,0,0,0,0,0,0,0,0,0,0,-19,-20,-14,-14,-21,-14,-13,-18,-22,-22,-24,-31]} 1. e4 e5 2. Nf3 Nf6 3. Nxe5 d6 4. Nf3 Nxe4 5. d4 d5 6. Bd3 Bd6 7. O-O O-O 8. c4 c6 9. Nc3 Nxc3 10. bxc3 dxc4 11. Bxc4 Bf5 12. Bg5 {C42: Petroff Defence: 3 Nxe5 and unusual White 3rd moves.} Qa5 13. Re1 Nd7 14. Nh4 {[#] The position is equal.} Rae8 $146 ({Predecessor:} 14... Nb6 15. Bb3 Be6 16. Bd2 Rfe8 17. Bxe6 Rxe6 18. Rxe6 fxe6 19. c4 Qa4 20. Qxa4 Nxa4 {½-½ (34) Naiditsch,A (2695)-Ni,H (2674) China 2019}) 15. Nxf5 Qxf5 16. Be3 Nf6 17. Bd3 Qd7 18. Qf3 Qg4 19. Qxg4 Nxg4 20. g3 Nxe3 21. Rxe3 c5 22. Be4 cxd4 23. cxd4 Re7 24. Rae1 {And now Bxh7+! would win.} g6 25. Bd5 Rd7 26. Bb3 Bb4 27. Rd1 Kg7 28. d5 Bc5 29. Rc3 b6 30. Ba4 Rd6 31. Kg2 Rc8 32. Bc6 Rc7 33. Rc2 Re7 34. Rdd2 Rd8 35. Re2 Kf8 36. a4 Rc8 37. Rxe7 Kxe7 $11 {[%mdl 4096] Endgame KRB-KRB} 38. a5 Kd6 39. axb6 Bxb6 40. f4 Rc7 41. Kf3 Re7 42. Re2 Rxe2 43. Kxe2 a5 {Not much happened in this game. Accuracy: White = 96%, Black = 100%.} 1/2-1/2

[Event "Lindores Abbey Rapid Challenge-KO"]
[Site "Online"]
[Date "2020.05.23"]
[Round "1.1"]
[White "Nakamura, Hikaru"]
[Black "Aronian, Levon"]
[Result "1/2-1/2"]
[WhiteElo "2829"]
[BlackElo "2778"]
[Annotator "TA"]
[PlyCount "110"]
[EventDate "2020.05.19"]
[EventType "tourn"]
[SourceTitle "playchess.com"]
[Source "ChessBase"]
[SourceQuality "1"]

{[%evp 13,110,24,20,20,19,4,10,28,27,9,0,0,0,0,18,6,0,12,18,15,21,13,15,16,93,78,85,93,113,105,100,0,0,0,11,0,12,26,24,25,19,0,0,0,0,0,0,0,0,0,8,0,0,0,0,0,0,0,0,0,0,0,0,0,0,0,28,0,0,0,0,0,0,0,0,0,0,0,0,0,0,0,0,0,0,0,0,0,0,0,0,0,0,0,0,0,0,0,0]} 1. e4 e5 2. Nf3 Nf6 3. Nxe5 d6 4. Nf3 Nxe4 5. Nc3 Nxc3 6. dxc3 Be7 7. Be3 O-O 8. Qd2 {C42: Petroff Defence: 3 Nxe5 and unusual White 3rd moves.} Nd7 {[%cal Bb8d7,Bd7c5,Bc5d3][%mdl 32]} 9. O-O-O c6 {9...Nf6 is the modern continuation.} 10. h4 d5 11. Bd3 Nc5 12. Ng5 h6 13. Rde1 {[#]} Nxd3+ $146 ({Predecessor:} 13... hxg5 14. hxg5 Nxd3+ 15. Qxd3 f5 16. Qe2 Bxg5 17. Qh5 Bxe3+ 18. Rxe3 f4 19. Qh7+ Kf7 20. Qh5+ Kg8 21. Qh8+ Kf7 22. Qh5+ Kg8 {½-½ (22) Andreikin,D (2721)-Wang,H (2726) China 2019}) 14. Qxd3 {[%csl Gg5][%cal Rd3h7] [#]} f5 ({But not} 14... hxg5 15. hxg5 f5 16. gxf6 $17) 15. f4 Bd6 16. Nf3 Re8 17. g3 Re4 18. Nd2 Be6 (18... Re8 $11) 19. Nxe4 $16 fxe4 20. Qd2 Qa5 21. Kb1 h5 22. f5 (22. Bd4 $16 {And now f5! would win.} Rf8 23. Rhf1) 22... Bxf5 $11 23. Bf4 Bf8 24. Rhf1 Bg4 25. Be5 Bf3 26. Qf4 Qd8 27. Bd4 c5 28. Be5 Qd7 29. Rxf3 exf3 30. Qxf3 Re8 {With the idea ...Bd6.} 31. Rf1 Qe6 32. Bf4 g6 33. a3 Qe4 34. Qd1 Bg7 35. Bc1 b6 36. g4 Qxg4 37. Qxd5+ Qe6 38. Qg2 Qe4 39. Qg3 Be5 40. Qg5 (40. Qf2 $5 {[%cal Rf2f7]} Qd5 41. Qe2 $14) 40... Qg4 {The position is equal.} 41. Qd2 Bg7 42. Qd3 Qe4 43. Qd7 Re7 44. Qd6 Kh7 45. Bg5 Qc4 46. Rg1 Rf7 47. Qd1 Qb5 48. Qd5 Rf1+ 49. Rxf1 Qxf1+ 50. Ka2 Qf5 51. Qb7 Qe6+ 52. Kb1 Qe1+ 53. Ka2 Qe6+ 54. Kb1 Qe1+ 55. Ka2 Qe6+ {Accuracy: White = 95%, Black = 94%.} 1/2-1/2

[Event "Lindores Abbey Rapid Challenge-KO"]
[Site "Online"]
[Date "2020.05.23"]
[Round "1.1"]
[White "Aronian, Levon"]
[Black "Nakamura, Hikaru"]
[Result "0-1"]
[WhiteElo "2778"]
[BlackElo "2829"]
[Annotator "TA"]
[PlyCount "120"]
[EventDate "2020.05.19"]
[EventType "tourn"]
[SourceTitle "playchess.com"]
[Source "ChessBase"]
[SourceQuality "1"]

{[%evp 18,120,12,-9,10,-4,14,-8,0,-8,0,0,8,0,45,0,7,14,68,53,62,45,73,66,64,60,53,41,66,32,39,42,33,38,41,40,37,32,54,50,53,46,77,64,60,57,56,39,74,62,79,87,100,83,91,66,68,46,50,58,51,46,61,27,66,-35,-29,-111,-8,-50,-44,-52,-52,-46,0,0,0,0,0,0,0,0,0,0,0,0,0,0,0,0,0,0,0,0,0,0,0,0,0,0,0,0,0,-29982,-29983]} 1. c4 e5 2. Nc3 Nf6 3. Nf3 Nc6 4. g3 d5 5. cxd5 Nxd5 6. Bg2 Nb6 7. O-O Be7 8. d3 O-O 9. Be3 Be6 (9... f5 10. Rc1 Kh8 11. a3 Bf6 12. Bc5 Re8 13. b4 Be6 14. Re1 Qd7 15. e4 a6 16. Bh3 g6 17. Be3 Qg7 18. Ng5 Bg8 19. Nf3 {1-0 (53) Aronian,L (2825)-Nakamura,H (2775) Moscow 2012}) 10. Qd2 Nd5 {A29: English Opening: Four Knights Variation with 4 g3.} 11. Rfc1 f6 {[#]} 12. Na4 $146 ({Predecessor:} 12. Nxd5 Bxd5 13. Bc5 a5 14. Qe3 b6 15. Bxe7 Nxe7 16. d4 e4 17. Nd2 f5 18. Qc3 {½-½ (30) Anastasian,A (2602)-Georgiev,K (2645) Kusadasi 2006}) 12... Re8 {The position is equal.} 13. Bc5 Bd6 14. a3 Nb6 15. Qd1 Bd5 16. Be3 Bf8 17. b4 {[#]} Nd4 $1 {[%mdl 512]} 18. Bxd4 $14 exd4 19. Nc5 {[%cal Ba4c5,Bc5b3,Bb3d2][%mdl 32]} Rb8 20. Nb3 Bxf3 21. exf3 c6 22. f4 Na4 {Threatening ...Nc3.} 23. Nd2 Nc3 24. Qb3+ Kh8 25. Re1 Qd7 26. Ne4 Nxe4 27. dxe4 c5 28. bxc5 Bxc5 29. Bf1 g6 30. Bb5 Qe6 31. Bc4 Qd6 32. Kg2 Re7 33. Qf3 Rbe8 34. h4 a6 35. a4 Bb4 36. Re2 Qc6 37. Bd5 Qc3 38. Rd1 Qxf3+ 39. Kxf3 Bc3 40. Rb1 Rd8 41. Bc4 (41. Rc2 $14) 41... d3 $15 42. Re3 {[#]} (42. Rd1 $1 $11 {keeps the balance.}) 42... d2 (42... Rd4 $1 $17 {[%cal Rd4c4]} 43. Bxd3 Bd2) 43. Bd5 Ba5 44. Ke2 Rc7 {...Rc1 is the strong threat.} 45. Rd1 $1 b5 46. axb5 axb5 47. g4 Bc3 48. Bb3 b4 49. g5 fxg5 50. hxg5 Rf8 51. Rf3 Re7 52. e5 Kg7 53. e6 h6 54. gxh6+ Kxh6 55. Rg1 {Threatens to win with Rfg3.} Rf6 $1 56. Rfg3 {And now f5! would win.} Rexe6+ 57. Bxe6 Rxe6+ 58. Re3 Rf6 59. Re4 Kg7 60. Rc4 $2 {[%mdl 8192]} (60. Rb1 $11) 60... Re6+ {Accuracy: White = 80%, Black = 77%.} 0-1

[Event "Lindores Abbey Rapid Challenge-KO"]
[Site "Online"]
[Date "2020.05.25"]
[Round "1.1"]
[White "Aronian, Levon"]
[Black "Nakamura, Hikaru"]
[Result "0-1"]
[WhiteElo "2778"]
[BlackElo "2829"]
[Annotator "TA"]
[PlyCount "56"]
[EventDate "2020.05.19"]
[EventType "tourn"]
[SourceTitle "playchess.com"]
[Source "ChessBase"]
[SourceQuality "1"]

{[%evp 9,56,19,19,16,25,13,18,12,16,-12,-12,-10,-11,-9,0,8,6,-21,-12,-22,-5,-13,0,-25,0,-8,68,92,84,79,106,100,68,-53,-59,-53,-53,-191,-186,-973,-977,-1137,-1136,-1125,-775,-1108,-1101,-2129,-2036]} 1. e4 e5 2. Nf3 Nc6 3. Bb5 Nf6 4. d3 Bc5 5. Bxc6 dxc6 6. O-O {C65: Ruy Lopez: Berlin Defence (3...Nf6), unusual lines and 4 0-0 Bc5.} Bd6 7. Bg5 h6 8. Bh4 {The position is equal.} Bg4 {[#]} 9. Nbd2 $146 (9. h3 $5 {[%cal Rh3g4]} Bh5 10. Nbd2 $14) ({Predecessor:} 9. h3 Bxf3 10. Qxf3 Be7 11. Bg3 Nd7 12. Nd2 O-O 13. Nc4 Bf6 14. Qh5 g6 15. Qe2 {½-½ (49) Firouzja,A (2723)-Wang,H (2756) Moscow 2019}) 9... g5 10. Bg3 Nh5 11. Nc4 Nxg3 12. fxg3 Qe7 13. c3 O-O-O 14. b4 Kb8 15. a3 h5 16. Ne3 Bc8 17. c4 {Black should prevent c5.} f5 (17... Qe6 $11) 18. Nxf5 $14 Bxf5 19. exf5 {And now c5 would win.} e4 20. Re1 e3 21. Qc1 (21. d4 $14 g4 22. c5 Bxc5 23. bxc5 gxf3 24. Qxf3) 21... g4 $1 $15 22. Nh4 {aiming for Ng6.} Rhe8 23. c5 {Now White is beyond hope.} ({Better is} 23. Rb1 $15) 23... Be5 $1 $19 {[%csl LRa1,LRd3][%mdl 64] [#] Discovered Attack} 24. Qxe3 $2 (24. Ng6 Qf6 25. Nxe5 Qxe5 26. Qc2) 24... Qd7 {Black is clearly winning.} ({Not} 24... Bd4 25. Qxd4 Qxe1+ 26. Rxe1 $15) 25. Qc1 Bd4+ 26. Kh1 Rxe1+ 27. Qxe1 Bxa1 28. Qxa1 Qxd3 {Accuracy: White = 56%, Black = 88%.} 0-1